LEADER 00964cam0-22003491i-450- 001 990001324970403321 005 20050217093341.0 010 $a88-371-0617-3 035 $a000132497 035 $aFED01000132497 035 $a(Aleph)000132497FED01 035 $a000132497 100 $a20001205d1992----km-y0itay50------ba 101 0 $aita 102 $aIT 105 $ay-------001yy 200 1 $aLaboratorio di programmazione e calcolo$fF. Mazzia, D. Trigiante 210 $aBologna$cPitagora$d1992 215 $aVI, 162 p.$d24 cm 610 0 $aCalcolo numerico$aManuali 610 0 $aProgrammazione$aManuali 676 $a515.1 700 1$aMazzia,$bF.$0350590 702 1$aTrigiante,$bDonato 801 0$aIT$bUNINA$gRICA$2UNIMARC 901 $aBK 912 $a990001324970403321 952 $a124-E-18$b10989$fMA1 952 $a124-E-19$b10990$fMA1 959 $aMA1 996 $aLaboratorio di programmazione e calcolo$9382888 997 $aUNINA LEADER 01372nam2 2200349 450 001 000028227 005 20110418162048.0 010 $a88-203-1088-0 100 $a20110215d1979----km-y0itaa50------ba 101 0 $aita 102 $aIT 200 1 $aStrumenti per radiotecnici$estrumenti per la messa a punto e la riparazione degli apparecchi radio ... 205 $a16. ed. aggiornata$fa cura di Giorgio Terenzi 210 $aMilano$c<> Hoepli$d1979 215 $aXVI, 366 p., [4] p. di tav.$cill.$d18 cm. 461 1$1001000028226$12001$aServizio radiotecnico$v1 606 1 $aMisure radiotecniche 606 2 $aRadioricevitori$xRiparazioni 676 $a621.384$v(21. ed.)$9Ingegneria elettronica, delle comunicazioni. Radio e radar 700 1$aRavalico,$bDomenico Eugenio$0445133 702 2$aTerenzi,$bGiorgio 801 0$aIT$bUniversità della Basilicata - B.I.A.$gRICA$2unimarc 912 $a000028227 996 $aStrumenti per radiotecnici$995252 997 $aUNIBAS BAS $aINGEGNERIA CAT $aTTM$b30$c20110215$lBAS01$h0932 CAT $aTTM$b30$c20110215$lBAS01$h1020 CAT $aFCL$b10$c20110418$lBAS01$h1619 CAT $aFCL$b10$c20110418$lBAS01$h1620 FMT Z30 -1$lBAS01$LBAS01$mBOOK$1BASA2$APolo Tecnico-Scientifico$2DID$BDidattica$3PTS.s2.p36.21$657368$5T57368$820110215$eXV, 529$f98$FConsultazione$hVol. 1